000 00389nam a2200157Ia 4500
008 230312s9999||||xx |||||||||||||| ||und||
020 _a81-265-1895-1
082 _a621.3815
_bMAI-E
100 _aMaini,Anil.K
245 0 _aElectric Devices and Circuits
260 _bWiley
_aIndia
_c2009
300 _a718
546 _aEng.
650 _aEngineering
_vSemiconductor Phsiscs
942 _cBK
999 _c1729
_d1729